Statistiques concernant Géo : 1 lettre à changer #Hard

Cliquez ici pour prendre le quiz!

Statistiques générales

  • Ce quiz a été pris 66 fois
  • Le résultat moyen est 11 sur 35

Statistiques - réponses

DéfinitionsNbr de lettreLettre a changerRéponsesIndices% Correct
Cheveux cachant le front6GFrancePays européen
78%
Un enchanteur6MBerlinCapitale européenne
69%
De musique ou de plongée4TCubaPays des caraïbes
65%
Essaye de séduire6DPragueCapitale européenne
65%
Élu d'une commune (le)7MLe CaireCapitale africaine
61%
Synonyme de Kilomètre5OBerneCapitale d'Europe
49%
Caractérisent certains sels4OIndePays très peuplé
49%
Parfum de glace "bourbon"7VManilleCapitale insulaire
41%
Fleur star du 14 février4SRomeCapitale d'Europe
41%
Y'en a deux sur terre4PDoleVille de Franche Comté
39%
De coton ou de platine4ONiceSur la côte d'Azur
39%
Montparnasse, Eiffel4TPourFleuve Russe
39%
Symbole "Au" sur le tableau périodique2RObFleuve Russe
37%
Elle est calculée pour la mention7OMayenneDépartement près de la Bretagne
33%
Félicitations en synonyme5BTravoFleuve Corse
31%
Pluie totalement gelée6GBrésilPays américain
29%
Synonyme de dictionnaire7LMexiquePays américain
29%
Un lapin pour Playboy4LTogoPays africain
29%
Anti UV5CBremeLander et Ville d'Allemagne
27%
Inventeur de la pile électrique5TVolgaFleuve <4000 km
27%
Oiseau incapable de voler8UAutrichePays européen
25%
Mouvement de rebellion5VGrecePays européen
25%
Préfecture des Hauts de France4NLaosPays asiatique
25%
Chanson d'Hugues Auffray8NSantiagoCapitale sud américaine
25%
Fleuve romantique en Asie5MAdourFleuve des Landes
24%
Opposé de triste3IGapEn PACA
24%
Accident, tragédie, crime5ADromeDépartement Auvergne Rhone Alpes
22%
Ville de Tchéquie pour le Moto GP4BArnoFleuve Italien
14%
On s'y assois dessus5VDinanSous-préfecture de Bretagne
12%
De glace ou de pantalon5PMocheFleuve du Pérou
12%
Le corps en humain en général8MAnatolieRégion turque
8%
Qui est en feu8TArdennesRégion naturelle belge voir plus
8%
C'est le cas si on dépasse le couvre-feu4DTarnDépartement d'Occitanie
8%
Des ténors, des grands, des géants6DCahorsPréfecture d'Occitanie
2%
Il est précieux pour les petits villages8ECommercySous-préfecture de Grand est
2%

Distribution des résultats

Percentile par nombre de réponses

% des personnes avec chaque résultat

Votre développement - résultats

Vous n’avez pas pris ce quiz